Ai magazine časopis o automobilovom priemysle, strojárstve a ekonomike

Saved in:
Bibliographic Details
Format: Serial
Language:English
Slovak
Published: Žilina LEADER press
Tags: Add Tag
No Tags, Be the first to tag this record!

MARC

LEADER 00000nls a2200000 4500
001 0270295
005 20260204150223.3
022 |a 1337-7612 
041 0 |a eng 
041 0 |a slo 
044 |a SK 
245 1 0 |a Ai magazine  |b časopis o automobilovom priemysle, strojárstve a ekonomike 
264 1 |a Žilina  |b LEADER press